| Tag |
First Indicator |
Second Indicator |
Subfields |
| LEADER |
00000cam a2200000 a 4500 |
| 001 |
in00000917813 |
| 005 |
20150924170119.0 |
| 008 |
890804s1989 nyua b 00100 eng |
| 010 |
|
|
|a 89022181
|
| 015 |
|
|
|a GB89-49366
|
| 019 |
|
|
|a 20522304
|
| 020 |
|
|
|a 0521383307
|
| 020 |
|
|
|a 9780521383301
|
| 035 |
|
|
|a (OCoLC)20217589
|
| 035 |
|
|
|9 AEP8833AM
|
| 040 |
|
|
|a DLC
|c DLC
|d TXA
|d UtOrBLW
|
| 049 |
|
|
|a TXAM
|c [A13331912]
|
| 050 |
0 |
0 |
|a QA297
|b .N866 1989
|
| 082 |
0 |
0 |
|a 519.4/0285/5369
|2 20
|
| 090 |
|
|
|a QA76.73.F25
|b N845 1989
|
| 245 |
0 |
0 |
|a Numerical recipes :
|b the art of scientific computing /
|c William H. Press [and others].
|
| 264 |
|
1 |
|a Cambridge ;
|a New York :
|b Cambridge University Press,
|c 1989.
|
| 300 |
|
|
|a xx, 702 pages :
|b illustrations ;
|c 24 cm.
|
| 336 |
|
|
|a text
|b txt
|2 rdacontent
|
| 337 |
|
|
|a unmediated
|b n
|2 rdamedia
|
| 338 |
|
|
|a volume
|b nc
|2 rdacarrier
|
| 500 |
|
|
|a "Fortran version."
|
| 504 |
|
|
|a Includes bibliographical references (pages 668-672).
|
| 650 |
|
0 |
|a Numerical analysis
|x Computer programs.
|
| 650 |
|
0 |
|a Science
|x Mathematics
|x Computer programs.
|
| 650 |
|
0 |
|a FORTRAN (Computer program language)
|
| 700 |
1 |
|
|a Press, William H.
|
| 999 |
|
|
|a MARS
|
| 999 |
f |
f |
|s c472425f-d10e-3d02-a6e5-d3e64be7444c
|i 52288add-12a2-3c6f-813f-e2746bbed0bc
|t 0
|
| 952 |
f |
f |
|p normal
|a Texas A&M University
|b College Station
|c Sterling C. Evans Library
|d Evans: Library Stacks
|t 0
|e QA76.73.F25 N845 1989
|h Library of Congress classification
|i unmediated -- volume
|m A14839147551
|
| 998 |
f |
f |
|a QA76.73.F25 N845 1989
|t 0
|l Evans: Library Stacks
|